Statistics for Five Countries Per Continent With Most Forest Area

Click here to take the quiz!

General Stats

  • This quiz has been taken 46 times
  • The average score is 25 of 30

Answer Stats

ContinentForest AreaAnswer% Correct
North America346.9 million hectaresCanada
100%
Europe815.3 million hectaresRussia
100%
South America496 million hectaresBrazil
97%
North America65.6 million hectaresMexico
97%
North America309.7 million hectaresUnited States
97%
Oceania134 million hectaresAustralia
94%
Asia219.9 million hectaresChina
94%
Europe22.4 million hectaresFinland
92%
Europe17.2 million hectaresFrance
92%
Asia72.1 million hectaresIndia
92%
South America72.3 million hectaresPeru
92%
Africa126.1 million hectaresDemocratic Republic of the Congo
89%
Oceania9.8 million hectaresNew Zealand
89%
South America59.1 million hectaresColombia
86%
Asia92.1 million hectaresIndonesia
86%
Europe27.9 million hectaresSweden
86%
Oceania1.1 million hectaresFiji
83%
North America6.3 million hectaresHonduras
83%
Oceania35.8 million hectaresPapua New Guinea
83%
Europe18.5 million hectaresSpain
83%
North America4.2 million hectaresPanama
81%
South America46.2 million hectaresVenezuela
78%
Africa66.6 million hectaresAngola
75%
South America50.8 million hectaresBolivia
72%
Oceania2.5 million hectaresSolomon Islands
72%
Asia24.9 million hectaresJapan
69%
Africa36.7 million hectaresMozambique
67%
Asia28.5 million hectaresMyanmar
67%
Africa45.7 million hectaresTanzania
67%
Africa44.8 million hectaresZambia
64%

Score Distribution

Percentile by Number Answered

Percent of People with Each Score

Your Score History

You have not taken this quiz